Μικρομεσαίες επιχειρήσεις και ευρωπαϊκή χρηματοδότηση : η περίπτωση του Ε.Σ.Π.Α. 2007-2013 ; πτυχιακή εργασία
Αποθηκεύτηκε σε:
| Κύριος συγγραφέας: | |
|---|---|
| Συγγραφή απο Οργανισμό/Αρχή: | |
| Μορφή: | Thesis Βιβλίο |
| Γλώσσα: | Greek |
| Δημοσίευση: |
2009.
|
| Θέματα: | |
| Διαθέσιμο Online: | http://hdl.handle.net/11610/6407 |
| Ετικέτες: |
Προσθήκη ετικέτας
Δεν υπάρχουν, Καταχωρήστε ετικέτα πρώτοι!
|
MARC
| LEADER | 00000cam a2200000 i 4500 | ||
|---|---|---|---|
| 001 | 1/101856 | ||
| 008 | 090226s2009 gre d | ||
| 035 | |l 10103432 | ||
| 040 | |a GR-MY-UA |b gre |e aacr | ||
| 041 | 0 | |a gre | |
| 082 | 0 | |a 338.9495 |2 (22) | |
| 100 | 1 | |a Φράγκος, Ιωάννης Γ. | |
| 245 | 1 | 0 | |a Μικρομεσαίες επιχειρήσεις και ευρωπαϊκή χρηματοδότηση : |b η περίπτωση του Ε.Σ.Π.Α. 2007-2013 ; πτυχιακή εργασία / |c Ιωάννη Γ. Φράγκου ; επιβλέπων Νικόλαος Κωνσταντόπουλος. |
| 260 | |c 2009. | ||
| 300 | |a 108 σ. ; |c 30 εκ. | ||
| 502 | # | # | |a Πτυχιακή εργασία – Πανεπιστήμιο Αιγαίου, Χίος, 2009. |
| 504 | |a Περιλαμβάνει βιβλιογραφία. | ||
| 650 | 0 | 0 | |a Small business |x Finance. |
| 650 | 0 | 0 | |a Economic development projects |z Greece. |
| 650 | 0 | 0 | |a Dissertations, Academic |z Greece. |
| 700 | 1 | |a Κωνσταντόπουλος, Νικόλαος, |e dgs | |
| 710 | 1 | |a Πανεπιστήμιο Αιγαίου |b Σχολή Επιστημών της Διοίκησης |b Τμήμα Διοίκησης Επιχειρήσεων - Τ.Δ.Ε. | |
| 852 | |a INST |b CHIOS |c DIATR |e 20090226 |h 338.9495 ΦΡΑ |p 005200030547 |q 005200030547 |t DIE |y 23 | ||
| 852 | |a INST |b CHIOS |c DIATR |e 20090226 |h 338.9495 ΦΡΑ |p 005200030548 |q 005200030548 |t DIE |y 23 | ||
| 856 | |u http://hdl.handle.net/11610/6407 | ||
| 901 | |a BIBL2-2009-1 | ||
| 909 | |a Χ |b 147112 | ||
| 909 | |a Χ |b 147111 | ||
| 924 | |a ΦΡΑΓΚΟΣ |b ΙΩΑΝΝΗΣ |y ΧΙΟΣ |z 2008-02 | ||
| 970 | |a ΒΑΣΙΛΑΚΗ |b ΝΙΚΗ |z 2009/02/26 | ||